000 00438nam a2200145Ia 4500
008 191206s9999 xx 000 0 und d
020 _a0393952428 (pbk.)
090 _aPR1174N6
245 0 _aNorton anthology of poetry
250 _a3rd ed.
260 _aNorton
260 _ccc1983
300 _a"liii, 1452 p. ; 24 cm."
999 _c16571
_d16571